00790nam a22002417a 450000500170000001000110001702000100002803500110003803700160004904000120006508200160007710000230009324501010011626000280021730000250024550000190027065000280028965000390031770000270035694200250038399900190040895201210042720170124110205.0 a560393 c00.00 a560393 bCen Lib/Ret aDPLbEN a151.22bSPE aSpearman, C937033 aHuman ability :cby C. Spearman [and] LL. Wynn Jonesba continuation of "The abilities of man" / aLondonbMacmillanc1950 avii,198p. c21cm(Hb) aIncludes index aPsychophysiology937034 aGeneral factor (Psychology)937035 aJones, LL. Wynn937036 2ddccENh151.22mSPE c133165d133165 00104070aLbLd2015-07-24eCen Lib/Retg0.00l0o151.22 SPEp560393r2015-07-24 00:00:00t1v0.00w2015-07-24yEN